| 000 | 00599nam a22002177a 4500 | ||
|---|---|---|---|
| 999 |
_c2401 _d2401 |
||
| 003 | OSt | ||
| 005 | 20191108162210.0 | ||
| 008 | 151103b xxu||||| |||| 00| 0 eng d | ||
| 020 | _a 978-0749446314 | ||
| 020 | _a0749448318 | ||
| 040 | _cDDC | ||
| 082 | _a658.3 ARM 2006 | ||
| 100 |
_aArmstrong,Micheal; _95965 |
||
| 245 | _aHuman Resource Management Practice | ||
| 250 | _a10TH ED | ||
| 260 |
_aLondon ,Philadelphia; _bkogan Page Ltd, _c2006 |
||
| 300 |
_axxii,982p; _bill; _c40cm |
||
| 504 | _aincludes index and references. | ||
| 650 |
_aHuman resource management _95317 |
||
| 942 |
_2ddc _cSLOAN |
||